Del hacer del editor y la comunicación /

Gespeichert in:
Bibliographische Detailangaben
1. Verfasser: La Pine Rodríguez, David Paul (autor)
Format: Abschlussarbeit Buch
Sprache:Spanisch
Schlagworte:
Tags: Tag hinzufügen
Keine Tags, Fügen Sie das erste Tag hinzu!

MARC

LEADER 00000nam^a2200000^a^4500
001 000052458
005 20250521000000.0
009 20260310090358.049
037 |a Acervo ITESO - Biblioteca 
041 |a ESP 
090 |a CCO. 244 
100 |a La Pine Rodríguez, David Paul  |e (autor) 
245 1 0 |a Del hacer del editor y la comunicación /  |c D.P. Lapine Rodríguez. 
264 |a Guadalajara, México :  |b edición de autor,  |c 1997 
300 |a 54 p. 
336 |a texto  |b txt  |2 rdacontenido 
337 |a sin mediación  |b n  |2 rdamedio 
338 |a volumen  |b nc  |2 rdasoporte 
502 |a ITESO Reporte Profesional de Licenciatura en Ciencias de la Comunicación 
649 |a XX 
650 |a Montaje Cinematográfico -  |x Tema Principal 
650 |a Lenguaje Cinematográfico 
650 |a Video 
650 |a Cine 
650 |a Medios Audiovisuales 
650 |a Medios de Comunicación 
650 |a Comunicación Visual 
650 |a Comunicación Masiva 
650 |a Experiencia Profesional -  |x Informes 
910 |a Fondo General 
920 |a Impresos - Tesis del ITESO 
930 |a Colección General 
905 |a 104 
901 |a 0500009949  |b IT2  |c TSS  |u 20250521 
902 |a https://opac.biblio.iteso.mx/vufind/Record/000052458